000 00518cam a2200181 4500500
005 20260329002635.0
041 _afre
042 _adc
100 1 0 _aDuru, Martin
_eauthor
245 0 0 _aSun Tzu. L’oeuvre
260 _c2013.
500 _a10
690 _aGuerre
690 _astratégie
690 _aSun Tzu
786 0 _nPhilosophie magazine | 67 | 3 | 2013-03-01 | p. 47-47 | 1951-1787
856 4 1 _uhttps://shs.cairn.info/magazine-philosophie-magazine-2013-3-page-47?lang=fr&redirect-ssocas=7080
999 _c1816926
_d1816926